Statistics for Australian Rugby - Wallabies Head Coach

Click here to take the quiz!

General Stats

  • This quiz has been taken 74 times
  • The average score is 8 of 9

Answer Stats

Years Coach % Correct
2014-CurrentMichael Cheika
97%
1984-1988Alan Jones
96%
2001-2005Eddie Jones
96%
2008-2013Robbie Deans
89%
2013-2014Ewen McKenzie
86%
1988-1995Bob Dwyer
84%
1997-2001Rod McQueen
81%
2006-2007John Connolly
74%
1996-1997Greg Smith
59%

Score Distribution

Percentile by Number Answered

Percent of People with Each Score

Your Score History

You have not taken this quiz